Vista normal Vista MARC

Odontología pediátrica actual / (Registro nro. 17436)

Detalles MARC
000 -Cabecera (24)
Campo de control interno 01924nam a22002894a 4500
001 - Número de control
Campo de control UTEA
005 - Fecha y hora de la
Campo de control 20251007122509.0
006 - Campos de control - información adicional
Campos de control g||||gr||||||01 nz
007 - Tipo material - Descripcion fisica - info general
Tipo material ta
008 - Códigos de longitud fija (40p)
Campo de control de longitud fija 251007b es ||||| |||| 00| 0 spa d
020 ## - INTERNATIONAL STANDARD BOOK NUMBER
ISBN 9786078365012
020 ## - INTERNATIONAL STANDARD BOOK NUMBER
ISBN 9786078365029
040 ## - Origen de la Catalogacion
Centro catalogador/agencia de origen UTEA
041 ## - Código de idioma (R)
Código de lengua del texto/banda sonora o título independiente (R) spa
082 ## - Número de la Clasificación
Número de la Clasificación 617.645
Notación Interna M26 2015
100 ## - Autor Personal
Autor Personal Martinez Menéndez, Ramiro
Término indicativo de función (R) Director
245 ## - Titulo
Titulo Odontología pediátrica actual /
Mención del autor Ramiro Martinez Menéndez
Medio físico [texto Impreso]
250 ## - Mencion de edicion
Mencion de edicion 1ra. edición;
Resto de la mencion de edicion T- 1 y 2
260 ## - Editorial
Ciudad España
Nombre de la Editorial Editorial Master Bookks, S.A. de CV
Fecha 2015
300 ## - Descripcion
Páginas 400 páginas
Dimensiones 19 x 26 cm.
505 ## - Nota de contenido formateada
Nota de contenido formateada Índice del Libro] TOMO 1: Desarrollo de la detención -- detención temporal -- desarrollo y embriología dental -- odontología para bebés Diagnóstico en el paciente odontopediátrico -- Traumatismo dentarios -- Epidemiología de los traumatismos dentales -- Gestión traumática de un incisivo superior extruido: reporte de un caso -- traumatismo clasificación de lesiones -- complejo pulpodentinario -- manejo de conducta en odontopediatría -- Factores intrasubjetivos que influyen en el comportamiento -- manejo del comportamiento -- TOMO 2: prevención -- selladores de fosetas y fisuras -- Higiene bucal -- Cariología -- Etiología de la caries dental -- Importancia de la prevención de la caries -- Anestesia local -- Fracasos y complicaciones de la anestesia local -- Restauraciones en odontopediatria -- Materiales dentales utilizados en odontopediatrìa -- Alteraciones en el desarrollo dentario -- Terapia pulpar en odontopediatría
650 ## - Temas - Descriptores
Temas - Descriptores ODONTOLOGÍA PEDIATRICA
9 (RLIN) 59678
650 ## - Temas - Descriptores
Temas - Descriptores TRAUMATISMO
9 (RLIN) 469
650 ## - Temas - Descriptores
Temas - Descriptores ANESTESIA LOCAL
9 (RLIN) 59679
700 ## - Coautor Personal
Coautor Personal Figueroa Espitia, Yuirtzi; Enriquez Sanders, Gisela; Vera Serna, Dora Liz y Hernàndez Ramirez, Blanca Estela
Término indicativo de función (R) Autores de texto
9 (RLIN) 59680
942 ## - Datos personalizados Koha
Esquema de Clasificacion Dewey Decimal Classification
Tipo de Documento Libros
Fecha procesamiento 2025-10-07
Catalogador Mag. Cecilio Flores Noa
Existencias
Estado de retiro Estado de pérdida Fuente de Clasificacion Estado No para préstamo Escuela Profesional/ Mención de Maestría Localización permanente Ubicación/localización actual Ubicación en estantería Fecha de adquisición Fuente de adquisición Signatura topográfica completa Código de barras Precio válido a partir de Tipo de ítem Koha
    Dewey Decimal Classification     E.P. Estomatología Biblioteca Abancay UTEA Biblioteca Abancay UTEA Área de Ciencias Puras y Aplicada (primer piso) 10/07/2025 Compra 617.645 M26 t-1 2015 BABA25100110 10/07/2025 Libros
    Dewey Decimal Classification     E.P. Estomatología Biblioteca Abancay UTEA Biblioteca Abancay UTEA Área de Ciencias Puras y Aplicada (primer piso) 10/07/2025 Compra 617.645 M26 t-2 2015 BABA25100111 10/07/2025 Libros